| 000 | 00668nam a2200205Ii 4500 | ||
|---|---|---|---|
| 003 | JO-AjNU | ||
| 008 | 230605s9999||||xx |||||||||||||| ||und|| | ||
| 040 |
_aJO-AjNU _bara _erda _cJO-AjNU |
||
| 041 | _aara | ||
| 050 | 1 | 4 | _aBF721.U39.1982 |
| 100 | 3 |
_aتأليف عبيد، مهدي, _eauthor _959366 |
|
| 245 | 0 | 0 | _aالتربية النفسية للاطفال |
| 250 | _aط1 | ||
| 264 | 3 | 1 | _aبيروت: دار القلم، 1982 |
| 300 |
_a157ص _bيحتوي على فهرس من ص 154-157 |
||
| 336 |
_atext _btxt _2rdacontent |
||
| 337 |
_aunmediated _bn _2rdamedia |
||
| 338 |
_avolume _bnc _2rdacarrier |
||
| 650 | 4 |
_aعلم النفس -الاطفال _959367 |
|
| 999 |
_aA26711 _c30279 _d30279 |
||